BIBLIOTECA

SENCICO

Ciudad tropical : (Registro nro. 5051)

Detalles MARC
000 -LEADER
fixed length control field 01689nam a22003137a 4500
003 - CONTROL NUMBER IDENTIFIER
control field PE SENCICO BE
005 - DATE AND TIME OF LATEST TRANSACTION
control field 20251020182710.0
008 - FIXED-LENGTH DATA ELEMENTS--GENERAL INFORMATION
fixed length control field 250113b |||||||| |||| 00| 0 eng d
020 ## - INTERNATIONAL STANDARD BOOK NUMBER
International Standard Book Number 978-9972-720-40-6
040 ## - CATALOGING SOURCE
Original cataloging agency PE SENCICO BE
Transcribing agency PE SENCICO BE
041 ## - LANGUAGE CODE
Language code of text/sound track or separate title spa
082 ## - DEWEY DECIMAL CLASSIFICATION NUMBER
Classification number 71..40981
Item number O46
100 1# - MAIN ENTRY--PERSONAL NAME
9 (RLIN) 2810
Personal name Olórtegui del Castillo, Tanith
Relator term autor
245 1# - TITLE STATEMENT
Title Ciudad tropical :
Remainder of title espacios urbanos en la amazonía. El caso Río Branco /
Statement of responsibility, etc. Tanith Olórtegui del Castillo
250 ## - EDITION STATEMENT
Edition statement 1a ed.
260 ## - PUBLICATION, DISTRIBUTION, ETC.
Place of publication, distribution, etc. Lima :
Name of publisher, distributor, etc. USMP. Fondo editorial ;
Date of publication, distribution, etc. 2012
300 ## - PHYSICAL DESCRIPTION
Extent 119 p. :
Other physical details il. col. ;
Dimensions 21 cm.
504 ## - BIBLIOGRAPHY, ETC. NOTE
Bibliography, etc. note Bibliografía: p. [111]-119
505 0# - FORMATTED CONTENTS NOTE
Formatted contents note Tropicalidad y condicionantes ambientales -- Proyecciones y aspectos para una ciudad sostenible -- Escenarios vividos y por servir -- Proposiciones para el futuro
520 3# - SUMMARY, ETC.
Summary, etc. Río Branco, una ciudad en crecimiento del Estado de Acre (Brasil), localizada en el tópico húmedo sur americano, ocupando un área geopolítica estratégica en la triple frontera con Perú y Bolivia; ya la ciudad más desarrollada en términos de infraestructura y servicios es materia de este estudio por las relaciones sociales de producción vinculadas a la dinámica local marcada por la economía capitalista que acaba definiendo el mismo escenario físico, climático y social de la región justifican plenamente el análisis de este trabajo
650 10 - SUBJECT ADDED ENTRY--TOPICAL TERM
9 (RLIN) 78
Topical term or geographic name entry element Urbanismo
650 20 - SUBJECT ADDED ENTRY--TOPICAL TERM
9 (RLIN) 528
Topical term or geographic name entry element Planificación urbana
650 20 - SUBJECT ADDED ENTRY--TOPICAL TERM
9 (RLIN) 2399
Topical term or geographic name entry element Política urbana
650 20 - SUBJECT ADDED ENTRY--TOPICAL TERM
9 (RLIN) 760
Topical term or geographic name entry element Espacios públicos
651 #0 - SUBJECT ADDED ENTRY--GEOGRAPHIC NAME
9 (RLIN) 2463
Geographic name Brasil
710 1# - ADDED ENTRY--CORPORATE NAME
Corporate name or jurisdiction name as entry element Universidad de San Martín de Porres (Lima)
910 ## - USER-OPTION DATA (OCLC)
User-option data hfp
-- hfp
-- hfp
942 ## - ADDED ENTRY ELEMENTS (KOHA)
Source of classification or shelving scheme Dewey Decimal Classification
Koha item type Libros
Existencias
Fecha de la última vez que lo usaron Pago total Signatura topográfica completa Código de barras Precio efectivo desde Tipo de documento Estado perdido Sistema de clasificación Estado dañado No es para préstamo Retirado Ubicación permanente Ubicación actual Fecha de adquisición Fuente de adquisición
13/01/2025   711.40981/O46 BibLima25010018 13/01/2025 Libros   Dewey Decimal Classification       Biblioteca Central Lima Biblioteca Central Lima 13/01/2025 Comprado de la librería Megabook